| 000 | 00885am a2200313a 44500 | ||
|---|---|---|---|
| 003 | AR-BaBNM | ||
| 005 | 20251128202745.0 | ||
| 008 | 307019s1968 #AR|||||||||||000 | esp|| | ||
| 040 | _cAR-BaBNM | ||
| 100 | 1 | _aKilpatrick, William H. | |
| 245 | 1 | 0 | _aLa función social, cultural y docente de la escuela |
| 250 | _a8ª ed. | ||
| 260 |
_aBuenos Aires _bLosada _c1968 |
||
| 300 | _a93 p. | ||
| 490 | 0 | _aPublicaciones de la Revista de Pedagogía | |
| 650 | 4 | _aTEORIAS DE LA EDUCACION | |
| 650 | 4 | _aPEDAGOGIA | |
| 650 | 4 | _aSISTEMAS ESCOLARES | |
| 650 | 4 | _aCULTURA CONTEMPORANEA | |
| 650 | 4 | _aFILOSOFIA CULTURAL | |
| 650 | 4 | _aHISTORIA CULTURAL | |
| 650 | 4 | _aFINALIDADES DE LA EDUCACION | |
| 650 | 4 | _aFILOSOFIA DE LA EDUCACION | |
| 653 | _aPEDAGOGOS | ||
| 700 | 1 |
_aLuzuriga, Lorenzo _etraductor |
|
| 800 | 1 |
_aLuzuriaga, Lorenzo _edirector |
|
| 942 | _cBK | ||
| 998 | _cSILVI | ||
| 999 |
_c427 _d427 |
||